Operačný výskum : Riešené a neriešené príklady ku knihe

Na minha lista:
Detalhes bibliográficos
Main Authors: Ivaničová, Zlatica (Author), Brezina, Ivan (Author), Pekár, Juraj (Author)
Formato: Kit Livro
Idioma:eslovaco
Publicado em: Bratislava : Iura Edition, 2002
Edição:1. vyd.
Assuntos:
Tags: Adicionar Tag
Sem tags, seja o primeiro a adicionar uma tag!

MARC

LEADER 00000npm a22000003a 4500
001 stu80293
005 20150617225637.6
008 030415s2002----xo------------------slo-d
040 |a STU  |b slo 
041 0 |a slo 
044 |a xo 
080 |a 658.5 
080 |a 65.012.022 
100 1 |a Ivaničová, Zlatica  |4 aut 
245 1 |a Operačný výskum :  |b Riešené a neriešené príklady ku knihe 
250 |a 1. vyd. 
260 |a Bratislava :  |b Iura Edition,  |c 2002 
650 7 |a manažment  |2 stusub 
700 1 |a Brezina, Ivan  |4 aut 
700 1 |a Pekár, Juraj  |4 aut 
996 |b 284M056639  |c M*CD-342  |l MMKN  |s A  |a 24  |w stu80293_0001 
996 |b 284M056640  |c M*CD-343  |l MMKN  |s A  |a 24  |w stu80293_0002 
996 |b 284M056641  |c M*CD-344  |l MMKN  |s A  |a 24  |w stu80293_0003 
996 |b 284M056642  |c M*CD-345  |l MMKN  |s A  |a 24  |w stu80293_0004 
996 |b 284M056638  |c M*CD-341  |l MMKN  |s A  |a 24  |w stu80293_0005 
996 |b 284M056356  |c M*CD-334  |l MMKN  |s A  |a 24  |w stu80293_0006 
996 |b 284M056357  |c M*CD-335  |l MMKN  |s A  |a 24  |w stu80293_0007 
996 |b 284M056358  |c M*CD-336  |l MMKN  |s A  |a 24  |w stu80293_0008